Countries that Oppose Germany's being on the UNSC - Statistics

General Stats
  • This quiz has been taken 32 times
  • The average score is 9 of 14
Answer Stats
Answer % Correct
Poland
96%
Italy
81%
Greece
78%
Denmark
74%
Netherlands
74%
Norway
70%
Spain
70%
Bulgaria
67%
Czech Republic
67%
Serbia
63%
Hungary
59%
Romania
56%
Namibia
37%
Malta
30%
No matching quizzes found
Score Distribution
Percent of People with Each Score
Percentile by Number Answered
Your Score History
You have not taken this quiz